Štrukturálna a kohézna politika EÚ v podmienkach Slovenska
Celková charakteristika kohézneho fondu a štrukturálnych fondov EÚ. Ciele štrukturálnej politiky EÚ pre pristupujúce krajiny na skrátené obdobie rokov 2004 - 2006. Prehľad možností čerpania finančných prostriedkov z jednotlivých typov štrukturálnych fondov podľa stanovených cieľov vo väzbe na oprá...
Gespeichert in:
| 1. Verfasser: | |
|---|---|
| Format: | Buchkapitel |
| Sprache: | Slowakisch |
| Schlagworte: | |
| Tags: |
Keine Tags, Fügen Sie das erste Tag hinzu!
|
MARC
| LEADER | 00000naa$a2200000$$$4500 | ||
|---|---|---|---|
| 001 | 0018478 | ||
| 005 | 20231004122621.1 | ||
| 041 | 0 | |a slo | |
| 044 | |a SK | ||
| 245 | 1 | 0 | |a Štrukturálna a kohézna politika EÚ v podmienkach Slovenska |c Peter Pokorný |
| 520 | |a Celková charakteristika kohézneho fondu a štrukturálnych fondov EÚ. Ciele štrukturálnej politiky EÚ pre pristupujúce krajiny na skrátené obdobie rokov 2004 - 2006. Prehľad možností čerpania finančných prostriedkov z jednotlivých typov štrukturálnych fondov podľa stanovených cieľov vo väzbe na oprávnené územia SR. Povinné platby a odvody do spoločného rozpočtu EÚ v podmienkach Slovenska. Vypracovanie Národného rozvojového plánu je podmienkou čerpania financií zo štrukturálnych fondov. | ||
| 610 | 2 | 0 | |a Európska únia |
| 610 | 2 | 0 | |a Slovensko |
| 610 | 2 | 0 | |a fondy štruktúrne |
| 610 | 2 | 0 | |a regióny |
| 610 | 2 | 0 | |a fond kohézny |
| 610 | 2 | 0 | |a politika štruktúrna |
| 610 | 2 | 0 | |a odvody |
| 610 | 2 | 0 | |a rozpočet spoločný |
| 100 | 1 | |a Pokorný, Peter | |